<?xml version="1.0" encoding="UTF-8"?>
<collection xmlns="http://www.loc.gov/MARC21/slim">
 <record>
  <leader>06459nam a2200253 a 4500</leader>
  <controlfield tag="001">1/52534</controlfield>
  <controlfield tag="008">210613s2020    gr a     b    00110 gre  </controlfield>
  <datafield tag="020" ind1=" " ind2=" ">
   <subfield code="a">9789602442111</subfield>
  </datafield>
  <datafield tag="020" ind1=" " ind2=" ">
   <subfield code="a">9789609538954</subfield>
  </datafield>
  <datafield tag="040" ind1=" " ind2=" ">
   <subfield code="a">GR-PeUP</subfield>
  </datafield>
  <datafield tag="082" ind1="0" ind2="0">
   <subfield code="a">634.63 ΕΛΙ</subfield>
  </datafield>
  <datafield tag="245" ind1="1" ind2="0">
   <subfield code="a">Ελιά και λάδι στην ανατολική Μεσόγειο:</subfield>
   <subfield code="b">από την αρχαιότητα στην προβιομηχανική εποχή /</subfield>
   <subfield code="c">επιστημονική επιμέλεια: Ηλίας Αναγνωστάκης - Ευαγγελία Μπαλτά.</subfield>
  </datafield>
  <datafield tag="260" ind1="0" ind2=" ">
   <subfield code="a">Αθήνα :</subfield>
   <subfield code="b">Πολιτιστικό Ίδρυμα Ομίλου Πειραιώς :</subfield>
   <subfield code="b">Ινστιτούτο Ιστορικών Ερευνών / ΕΙΕ,</subfield>
   <subfield code="c">2020.</subfield>
  </datafield>
  <datafield tag="300" ind1=" " ind2=" ">
   <subfield code="a">538 σ. :</subfield>
   <subfield code="b">εικ., σχεδ., φωτ. ;</subfield>
   <subfield code="c">25 εκ.</subfield>
  </datafield>
  <datafield tag="504" ind1=" " ind2=" ">
   <subfield code="a">Περιέχει βιβλιογραφία.</subfield>
  </datafield>
  <datafield tag="505" ind1="0" ind2=" ">
   <subfield code="a">Η ελιά και το λάδι στην προϊστορική επόχή / Κώστας Κωτσάκης - Τάνια Βαλαμώτη - Ντούσκα Ούρεμ-Κώτσου -- L'olivier chéri des dieux / Jean-Pierre Brun -- Η ελαιοκομία στην ύστερη αρχαιότητα και το Βυζάντιο. Δημοσιεύσεις 2006-2016 / Ηλίας Αναγνωστάκης -- Παραγωγή ελαιόλαδου σε ελληνιστική αγρέπαυλη στον νομό Πιερίας. Πληροφορίες από τα αρχαιοβοτανικά δεδομένα / Εύη Μαργαρίτη -- Η ελαιοκομία κατά τους ελληνιστικούς χρόνους / Σοφοκλής Χατζησάββας -- Olives and olive oil in the eastern mediterranean in the Roman and Byzantine periods / Rafael Frankel -- Αναζητώντας τους εμπορικούς δρόμους του λαδιού στην ανατολική Μεσόγειο κατά τους ύστερους ρωμαϊκούς χρόνους (4ος-7ος αι. μ.Χ.) / Στέλλα Δεμέστιχα -- Πτυχές της έρευνας γύρω από τους βυζαντινούς αμφορείς (επισκόπηση και προοπτικές): αμφορείς για λάδι ή για κρασί; / Αναστασία Γ. Γιαγκάκη -- Βυζαντινά ελαϊκά μεταφορικά αγγεία (7ος-14ος αι.) / Ναταλία Πούλου-Παπαδημητρίου -- Ελιά και λάδι στην Πελοπόννησο κατά την ύστερη αρχαιότητα και τους βυζαντινούς χρόνους (4ος-12ος αι.) / Ηλίας Αναγνωστάκης -- Η ελαιοκαλλιέργεια και εκμετάλευση ελαιοδέντρων στην δυτική Μικρά Ασία / Έφη Ραγιά -- Ελαιοκομία: κομνήνειοι και παλαιολόγειοι χρόνοι / Μαρία Γερολυμάτου -- Ελαιοκομία και σαπωνοποιία στην οθωμανική Συροπαλαιστίνη (16ος-19ος αι.) / Ευαγγελία Μπαλτά -- Η ελαιοκαλλιέργεια στην Κύπρο κατά τους οθωμανικούς χρόνους (1570-1878) / Ειρήνη Κωνσταντίνου - Δημήτρης Δημητρίου -- Η ελιά και το λάδι στη μεσαιωνική Κρήτη (13ος-14ος αι.) / Χαράλαμπος Γάσπαρης -- Η ελιά και το λάδι στην Κρήτη: η διέξοδος προς τη δύση (15ος-17ος αι.) / Νίκος Ε. Καραπιδάκης -- Ελιά - λάδι - σαπούνι στην οθωμανική Κρήτη (τέλη 17ου-αρχές 19ου αι.) / Ευαγγελία Μπαλτά -- Η ελαιοπαραγωγή στην Κρήτη στα χρόνια των κρητικών επαναστάσεων / Ayşe Nükhet Adiyeke - Nuri Adiykeke -- Ελαιοκαλλιέργεια και ελαιοπαραγωγή στην Κρήτη (1830-1913) / Μάνος Περάκης -- Ελαιώνες, ελαιοπαραγωγή και εμπόριο λαδιού στην Πελοπόννησο (13ος-19ος αι.) / Ευαγγελία Μπαλτά - Αγγελική Πανοπούλου -- Η ελιά και το λάδι στα ιόνια νησιά (15ος-19ος αι.) / Νίκος Ε. Καραπιδάκης -- Η ελαιοκομία στην Κεφαλονιά. Η αγροτική πολιτική του γενικού προνοητή της θάλασσας Agostino Sagredo στα μέσα του 18ου αιώνα / Δέσποινα Ερ. Βλάσση -- Ελιά και ελαιόλαδο στο αρχιπέλαγος (17ος-18ος αι.) / Ελευθερία Ζέπ -- Ελαιοκομία στη Θάσο / Ευαγγελία Μπαλτά - Γιώργος Κουτζακιώτης -- Ελιά και λάδι στη Μυτιλήνη (16ος-19ος αι.) / Ευαγγελία Μπαλτά -- Η ελαιοκαλλιέργεια στο βιλαέτι του Αϊδινίου / Zeki Arikan -- Από το σουσάμι στην ελιά. Η ελαιοπαραγωγή στο Αδραμύττι (Edremit) / Fikret Yilmaz -- Το εμπόριο του λαδιού και του σαπουνιού στην Ισταμπούλ του 18ου και 19ου αιώνα / Mehmet Genç -- Ο ανεφοδιασμός της Πόλης με σαπούνι και η συντεχνία των σαπωνοποιών / Gülden Sariyildiz -- Οι εθνικοί ελαιώνες: οθωμανική κληρονομιά και νεοελληνικό κράτος / Γεώργιος Μητροφάνης -- Νεότερη ελληνική ελαιοκομία: ένας πρώτος απολογισμός / Ευριδίκη Σιφναίου -- Βιομηχανική ελαιουργία / Αντώνης Πλυτάς -- Ένας αιώνας εξαγωγών ελαιοκομικών προϊόντων στη Γαλλία (1831-1939) / Patrick Boulanger.</subfield>
  </datafield>
  <datafield tag="546" ind1=" " ind2=" ">
   <subfield code="a">Κείμενα στα ελληνικά, αγγλικά και γαλλικά.</subfield>
  </datafield>
  <datafield tag="546" ind1=" " ind2=" ">
   <subfield code="a">Περίληψη στα αγγλικά και γαλλικά.</subfield>
  </datafield>
  <datafield tag="650" ind1=" " ind2="4">
   <subfield code="a">Ελιά</subfield>
   <subfield code="z">Ελλάδα</subfield>
   <subfield code="x">Ιστορία.</subfield>
  </datafield>
  <datafield tag="650" ind1=" " ind2="4">
   <subfield code="a">Olive</subfield>
   <subfield code="z">Greece</subfield>
   <subfield code="x">History.</subfield>
  </datafield>
  <datafield tag="700" ind1="1" ind2=" ">
   <subfield code="a">Αναγνωστάκης, Ηλίας.</subfield>
  </datafield>
  <datafield tag="700" ind1="1" ind2=" ">
   <subfield code="a">Μπαλτά, Ευαγγελία,</subfield>
   <subfield code="d">1955-</subfield>
  </datafield>
  <datafield tag="852" ind1=" " ind2=" ">
   <subfield code="a">INST</subfield>
   <subfield code="b">UNIPILB</subfield>
   <subfield code="c">MAIN</subfield>
   <subfield code="e">20210613</subfield>
   <subfield code="h">634.63 ΕΛΙ</subfield>
   <subfield code="p">00183745</subfield>
   <subfield code="q">00183745</subfield>
   <subfield code="t">LOAN</subfield>
   <subfield code="y">0</subfield>
   <subfield code="4">1</subfield>
  </datafield>
  <datafield tag="960" ind1=" " ind2=" ">
   <subfield code="a">ELI 2</subfield>
  </datafield>
 </record>
</collection>
